Portuguese Connectors Vocab - Statistics

General Stats
  • This quiz has been taken 12 times
  • The average score is 6 of 19
Answer Stats
Portuguese English % Correct
Porque Because
73%
Mas But
73%
Depois que After
64%
Como As
55%
Embora Although
36%
Porem Although
36%
Caso In case
36%
Enquanto While
36%
Por causa de Because of
27%
Ainda que Even though
27%
No entanto However
18%
Contudo However
18%
Logo Soon
18%
Portanto Therefore
18%
Mesmo que Even if
9%
Alem Disso Furthermore
9%
Em seguida Next
9%
Por isso That's why
9%
Apesar de Despite
0%
No matching quizzes found
Score Distribution
Percent of People with Each Score
Percentile by Number Answered
Your Score History
You have not taken this quiz